Novos contos da montanha (Registo nº 12828)

Detalhes MARC
000 -Etiqueta do registo
campo de controlo de comprimento fixo 006250000a22002170004500
001 - Identificador do registo
Campo de controlo 12828
010 ## - ISBN
Número (ISBN) 972-20-1597-4
100 ## - Dados Gerais de Proc.
Dados gerais de processamento 20040909d1999 m y0pory5003 ba
101 0# - Língua da publicação
Língua do texto, banda sonora, etc. Português
102 ## - País de Publicação
País de publicação Portugal
200 1# - Título
Título próprio Novos contos da montanha
Primeira menção de responsabilidade Miguel Torga
205 ## - Menção da edição
Menção da edição 16ª. ed
210 ## - Publicação, Distribuição
Lugar da edição, distribuição, etc. Lisboa
Nome do editor, distribuidor, etc. D.Quixote
Data da publicação, distribuição, etc. 1999
215 ## - Descrição física
Descrição física 226, [1] p
225 2# - Colecção
Título próprio da colecção Biblioteca de bolso
Nome de uma parte ou secção Literatura
Indicação de volume 2
305 ## - Edição e história bibliográfica
Texto da nota 1ª. ed de bolso.
675 ## - CDU
Notação 821.134.3-34"19"
Edição BN
Língua da edição Português
700 #1 - Responsabilidade principal
Palavra de ordem Torga
Outra parte do nome Miguel
Elementos de identificação ou distinção pseud.
090 ## - Números de controlo do sistema (Koha)
Número biblioitem do Koha (gerado automaticamente) 12828
942 ## - Elementos de entrada adicionados (Koha)
Tipo de item no Koha Monografias
Suprimido Disponível no OPAC
999 ## - Campo local
Campo local 12828
-- Bibliobase - BMTAV
-- 2019-01-21
Exemplares
Removido (estado) Perdido (estado) Data de aquisição Origem do registo (biblioteca) (codificado) Código da organização que empresta ou é detentora (biblioteca) Código de barras Local Número de inventário Cota Data de empréstimo ou depósito Tipo de circulação (não pode ser emprestado) Tipo de item e material
Disponível Disponível 2004-09-09 Biblioteca Municipal Álvaro de Campos Biblioteca Municipal Álvaro de Campos BMTAV28138 Sala de Adultos 28138 R3 TOR 2025-04-21 Normal Monografias